| 000 | 00000nas 2200000zi 4500 |
| 001 | 9.954139 |
| 003 | CaOODSP |
| 005 | 20250820080105 |
| 006 | m o d f |
| 007 | cr cn |||||||| |
| 008 | 250815c20249999oncar p o f0###b0fre d |
| 040 | |aCaOODSP|bfre|erda|cCaOODSP |
| 043 | |an-cn--- |
| 086 | 1 |aA99-2/8F-PDF |
| 110 | 2 |aConseil des produits agricoles du Canada.|eauteur, |eorganisme de publication. |
| 245 | 10|aLoi sur la lutte contre le travail forcé et le travail des enfants dans les chaines d'approvisionnement / |cConseil des produits agricoles du Canada. |
| 264 | 1|a[Ottawa] : |bConseil des produits agricoles du Canada = Farm Products Council of Canada, |c[2024]- |
| 310 | |aAnnuel |
| 336 | |atexte|btxt|2rdacontent/fre |
| 337 | |ainformatique|bc|2rdamedia/fre |
| 338 | |aressource en ligne|bcr|2rdacarrier/fre |
| 362 | 1 |aParaît depuis : Mai 2024. |
| 500 | |aPublié aussi en anglais sous le titre : Fighting Against Forced Labour and Child Labour in Supply Chains Act. |
| 588 | |aDescription d'après : Mai 2024; titre de la page couverture du fichier PDF. |
| 588 | |aDernière livraison consultée : Mai 2024. |
| 610 | 26|aConseil des produits agricoles du Canada|vPériodiques. |
| 610 | 16|aCanada. |tLoi sur la lutte contre le travail forcé et le travail des enfants dans les chaînes d'approvisionnement |vPériodiques. |
| 650 | 6|aTravail forcé|zCanada|xPrévention|vPériodiques. |
| 650 | 6|aEnfants|xTravail|zCanada|xPrévention|vPériodiques. |
| 655 | 7|aPériodiques|2rvmgf |
| 775 | 08|tFighting Against Forced Labour and Child Labour in Supply Chains Act / |w(CaOODSP)9.954140 |